000 00456cam a2200181ua 4500
001 6426
008 131207n ii |||gr||||Z||||||eng
020 _a81-225-0016-1
040 _cMAIN
082 _a519.5
245 _aFundamentals of statistics
_cBy D.N. Elhance
260 _aAllahabad:
_bKitab mahal,
_c2000.
300 _axvi,30.22p.
653 _aCommerce
653 _aFundamentals of statistics
700 _aElhance,D.N.,
_eAuthor.
942 _cBK
999 _c5575
_d5575